[Event "FC St. Pauli III - Hamburger SK IV"]
[Site "Landesliga Hamburg 2019/20"]
[Date "2019.11.24"]
[Round "3.8"]
[White "David, Torsten"]
[Black "Salenko, Vadim"]
[Result "1-0"]
[WhiteElo "2065"]
[BlackElo "1980"]
[PlyCount "123"]
[EventDate "2019.??.??"]

1. e4 e6 2. d4 d5 3. Nd2 f5 4. exf5 exf5 5. Ngf3 Nf6 6. Bd3 Bd6 7. O-O O-O 8.
c4 c6 9. Ne5 Nbd7 10. Ndf3 Ne4 11. Qc2 Qe7 12. Bf4 Ndf6 13. c5 Bc7 14. h3 Nh5
15. Bh2 g5 16. Nd2 Be6 17. b4 Qg7 18. Rfe1 Rf6 19. Nf1 g4 20. hxg4 fxg4 21.
Bxe4 dxe4 22. Qxe4 Raf8 23. Ne3 Rxf2 24. N5xg4 Bxh2+ 25. Kxh2 Bf5 26. Qe5 Rf4
27. Qxg7+ Nxg7 28. Nh6+ Kh8 29. Nexf5 Nxf5 30. Nxf5 R8xf5 31. Re8+ Kg7 32. Re7+
Rf7 33. Rxf7+ Kxf7 34. Rd1 Ke6 35. Kg3 Re4 36. Kf3 Kd5 37. g4 b5 38. Rh1 Re7
39. Rh6 Kxd4 40. Rxc6 Rf7+ 41. Kg3 Kc4 42. a3 a5 43. bxa5 Ra7 44. a6 Kd5 45.
Rf6 Kxc5 46. g5 Kc4 47. Kg4 Kb3 48. Rb6 Ka4 49. Kh5 Ka5 50. Rb7 Rxa6 51. Rxh7
Ka4 52. g6 Ra8 53. Rb7 Rh8+ 54. Kg5 Rh2 55. g7 Rg2+ 56. Kf6 Rf2+ 57. Ke6 Rg2
58. Kf7 Rf2+ 59. Ke8 Rg2 60. Kf8 Rf2+ 61. Rf7 Rg2 62. Rf4+ 1-0

[Event "FC St. Pauli II - TV Fischbek"]
[Site "Landesliga Hamburg 2019/20"]
[Date "2019.11.24"]
[Round "3.1"]
[White "Serrer, Christoph"]
[Black "Trisic, Aleksandar"]
[Result "0-1"]
[WhiteElo "2286"]
[BlackElo "2319"]
[PlyCount "70"]
[EventDate "2019.??.??"]

1. d4 Nf6 2. Nf3 g6 3. g3 Bg7 4. Bg2 O-O 5. O-O d6 6. c4 Nc6 7. Nc3 a6 8. b3
Rb8 9. d5 Na5 10. Bg5 h6 11. Be3 c5 12. dxc6 Nxc6 13. Nd5 Ng4 14. Bb6 Qd7 15.
Rc1 f5 16. Qd2 e6 17. Ne3 Nf6 18. Rfd1 Ne4 19. Qe1 Bb2 20. Rc2 Ba3 21. c5 Bb4
22. Qf1 d5 23. Ne1 Qg7 24. Nd3 Bc3 25. Rdc1 Bf6 26. a3 Nd4 27. Rb2 g5 28. f3
Nc6 29. Nd1 Bxb2 30. N1xb2 Nf6 31. e3 e5 32. Nb4 Nxb4 33. axb4 Bd7 34. Bc7 Bb5
35. Qd1 Qxc7 0-1

[Event "FC St. Pauli II - TV Fischbek"]
[Site "Landesliga Hamburg 2019/20"]
[Date "2019.11.24"]
[Round "3.2"]
[White "Jahncke, Giso"]
[Black "de Voogt, Juergen"]
[Result "1-0"]
[WhiteElo "2324"]
[BlackElo "2244"]
[PlyCount "55"]
[EventDate "2019.??.??"]

1. d4 f5 2. e4 fxe4 3. Nc3 Nf6 4. Bg5 e6 5. Bxf6 Qxf6 6. Nxe4 Qg6 7. Bd3 Qxg2
8. Ng3 Qd5 9. Qg4 Nc6 10. N1e2 b6 11. Bxh7 Bb7 12. Bg6+ Kd8 13. Be4 Qb5 14.
O-O-O Na5 15. Nc3 Qb4 16. a3 Qe7 17. d5 Rh4 18. Qf3 Qg5+ 19. Kb1 Rf4 20. Qe2
exd5 21. Nxd5 Rf7 22. f4 Qh6 23. Rhe1 Kc8 24. Bf3 Nc6 25. Qe8+ Nd8 26. Nf5 Qh3
27. Qxf7 Qxf3 28. Qxf8 1-0

[Event "FC St. Pauli II - TV Fischbek"]
[Site "Landesliga Hamburg 2019/20"]
[Date "2019.11.24"]
[Round "3.3"]
[White "Kneip, Jakob"]
[Black "Priebe, Jan"]
[Result "1/2-1/2"]
[WhiteElo "2082"]
[BlackElo "2208"]
[PlyCount "86"]
[EventDate "2019.??.??"]

1. e4 c5 2. Nf3 Nc6 3. d4 cxd4 4. Nxd4 Nf6 5. Nc3 e5 6. Ndb5 d6 7. Bg5 a6 8.
Na3 Be6 9. Nc4 Rc8 10. Ne3 Be7 11. Bxf6 Bxf6 12. Ncd5 O-O 13. h4 g6 14. h5 Bg5
15. c3 Ne7 16. Bd3 Nxd5 17. exd5 Bd7 18. Qe2 Re8 19. hxg6 hxg6 20. f3 Qb6 21.
Nc4 Qc7 22. g4 Kg7 23. Nd2 Rh8 24. O-O-O Qa5 25. Kb1 Bxd2 26. Qxd2 Ba4 27. b3
Bb5 28. Bxb5 Qxb5 29. g5 Rxh1 30. Rxh1 Rh8 31. Rxh8 Kxh8 32. c4 Qc5 33. a4 Kg7
34. Kb2 a5 35. Kc2 f6 36. gxf6+ Kxf6 37. Qh2 Kg7 38. Qh3 Qf2+ 39. Kd3 Qd4+ 40.
Kc2 b6 41. Qd7+ Kh6 42. Qxd6 Qf2+ 43. Kc1 Qe3+ 1/2-1/2

[Event "FC St. Pauli II - TV Fischbek"]
[Site "Landesliga Hamburg 2019/20"]
[Date "2019.11.24"]
[Round "3.4"]
[White "Schuetze, Michael"]
[Black "Brandt, Carina"]
[Result "1-0"]
[WhiteElo "2190"]
[BlackElo "2066"]
[PlyCount "75"]
[EventDate "2019.??.??"]

1. Nf3 g6 2. g3 Bg7 3. Bg2 Nc6 4. O-O e5 5. e4 d6 6. c3 f5 7. exf5 Bxf5 8. d4
exd4 9. Nxd4 Nxd4 10. cxd4 c6 11. Re1+ Kf8 12. Nc3 Qb6 13. g4 Bxd4 14. Be3 Bxe3
15. Rxe3 d5 16. gxf5 Nf6 17. fxg6 hxg6 18. Qf3 Kf7 19. Rae1 Qc7 20. Qg3 Rac8
21. Bh3 Qxg3+ 22. Rxg3 Rc7 23. Be6+ Kg7 24. Bf5 Rh6 25. Bc2 Kf7 26. Re5 b5 27.
b4 a5 28. a3 axb4 29. axb4 d4 30. Ne4 Nd5 31. Bb3 Rh4 32. Nc5 Ra7 33. Bxd5+
cxd5 34. Rf3+ Kg7 35. Rxd5 Re7 36. Nd3 Re2 37. Rf4 Rh3 38. Rfxd4 1-0

[Event "FC St. Pauli II - TV Fischbek"]
[Site "Landesliga Hamburg 2019/20"]
[Date "2019.11.24"]
[Round "3.5"]
[White "Schneider, Alexander"]
[Black "Richter, Maik"]
[Result "1/2-1/2"]
[WhiteElo "2078"]
[BlackElo "2150"]
[PlyCount "59"]
[EventDate "2019.??.??"]

1. e4 c5 2. Nf3 Nc6 3. d4 cxd4 4. Nxd4 Nf6 5. Nc3 e5 6. Ndb5 d6 7. Bg5 a6 8.
Na3 b5 9. Nd5 Be7 10. Bxf6 Bxf6 11. c3 Bg5 12. Nc2 Rb8 13. a4 bxa4 14. Ra2 a5
15. Bc4 Bd7 16. O-O O-O 17. Qd3 Ne7 18. Nde3 Rb6 19. Na3 Qb8 20. Rb1 Qc7 21.
Nd5 Nxd5 22. Bxd5 Kh8 23. Qc4 Qb8 24. Qe2 Qc7 25. Qh5 Bh6 26. Nc4 Rbb8 27. Rd1
Be8 28. Qh3 Bd7 29. Qh5 Be8 30. Qh3 1/2-1/2

[Event "FC St. Pauli II - TV Fischbek"]
[Site "Landesliga Hamburg 2019/20"]
[Date "2019.11.24"]
[Round "3.6"]
[White "Mitscherling, Andreas"]
[Black "Peters, Thomas"]
[Result "1-0"]
[WhiteElo "2191"]
[BlackElo "1796"]
[PlyCount "43"]
[EventDate "2019.??.??"]

1. d4 d5 2. Bf4 c6 3. Nf3 Nf6 4. Nbd2 Bf5 5. h3 h6 6. e3 Nbd7 7. c4 e6 8. Qb3
b6 9. cxd5 Nxd5 10. Bh2 Bb4 11. a3 Bxd2+ 12. Nxd2 N5f6 13. Ba6 O-O 14. Bb7 Ne4
15. Nf3 c5 16. Bxa8 Qxa8 17. O-O e5 18. Qb5 Qb7 19. Nxe5 Nxe5 20. Bxe5 a6 21.
Qe2 c4 22. f3 1-0

[Event "FC St. Pauli II - TV Fischbek"]
[Site "Landesliga Hamburg 2019/20"]
[Date "2019.11.24"]
[Round "3.7"]
[White "Schermer, Denis"]
[Black "Kohtz, Andreas"]
[Result "0-1"]
[WhiteElo "2005"]
[BlackElo "1979"]
[PlyCount "80"]
[EventDate "2019.??.??"]

1. d4 Nf6 2. c4 g6 3. Nc3 Bg7 4. e4 d6 5. Nf3 O-O 6. h3 e5 7. d5 a5 8. g4 Na6
9. Be3 c6 10. Be2 cxd5 11. cxd5 Bd7 12. Nd2 Nc5 13. f3 Ne8 14. Nb3 b6 15. O-O
f5 16. Nxc5 bxc5 17. a4 Bf6 18. Bb5 Ra7 19. Qd2 Bh4 20. Ra3 h5 21. Qg2 Bxb5 22.
axb5 Kh7 23. Kh2 Raf7 24. Raa1 Qd7 25. gxh5 gxh5 26. Qe2 Rg7 27. Rg1 Rfg8 28.
f4 Nf6 29. fxe5 dxe5 30. Rxg7+ Qxg7 31. Rg1 Bg3+ 32. Kh1 f4 33. Bxc5 Qd7 34.
Qf1 h4 35. b6 Rc8 36. Bf2 Rxc3 37. bxc3 Nxe4 38. Bxg3 hxg3 39. Kg2 Qxd5 40. c4
Qd2+ 0-1

[Event "FC St. Pauli II - TV Fischbek"]
[Site "Landesliga Hamburg 2019/20"]
[Date "2019.11.24"]
[Round "3.8"]
[White "Welsh, Michael"]
[Black "Reichhardt, Philip"]
[Result "1-0"]
[WhiteElo "1988"]
[BlackElo "1977"]
[PlyCount "77"]
[EventDate "2019.??.??"]

1. d4 d5 2. Bf4 Nf6 3. e3 e6 4. Nf3 Bd6 5. Bg3 c6 6. Nbd2 Qc7 7. Ne5 Nbd7 8. f4
b6 9. Bd3 a5 10. Qe2 c5 11. c3 Bb7 12. O-O O-O 13. Bh4 Ne4 14. Rad1 Nxd2 15.
Rxd2 f5 16. g4 g6 17. Qg2 Nxe5 18. fxe5 Be7 19. Bxe7 Qxe7 20. gxf5 exf5 21.
Bxf5 Kh8 22. Bd3 Rxf1+ 23. Bxf1 Rf8 24. Rf2 Rxf2 25. Qxf2 Kg7 26. Qf4 Qe6 27.
Bg2 c4 28. Qf3 b5 29. Bh3 Qe7 30. Qg4 Bc6 31. a3 b4 32. axb4 axb4 33. Qf4 bxc3
34. bxc3 Qb7 35. Qf6+ Kh6 36. Bg4 Qb1+ 37. Kf2 Qh1 38. Qf8+ Kg5 39. Qf4+ 1-0

[Event "Schachfreunde II - TV Fischbek"]
[Site "Landesliga Hamburg 2019/20"]
[Date "2019.12.08"]
[Round "4.1"]
[White "Serrer, Christoph"]
[Black "Andersen, Jens Knud"]
[Result "1-0"]
[WhiteElo "2277"]
[BlackElo "2172"]
[PlyCount "113"]
[EventDate "2019.??.??"]

1. d4 Nf6 2. Nf3 d6 3. c4 Nbd7 4. Nc3 e5 5. e4 Be7 6. Be2 c6 7. O-O O-O 8. Qc2
a6 9. Rd1 Qc7 10. h3 b5 11. b4 Re8 12. Be3 exd4 13. Nxd4 Bf8 14. Rac1 Bb7 15.
Nf5 Rad8 16. Bf4 Ne5 17. cxb5 cxb5 18. Bg5 Ned7 19. Qb2 Qb8 20. f3 h6 21. Bh4
g6 22. Ne3 Bg7 23. Qd2 Nb6 24. Ng4 g5 25. Bf2 Nbd7 26. Ne3 Ne5 27. Nf5 Bf8 28.
Qb2 Bc8 29. Ne3 Be6 30. Ncd5 Bg7 31. Qa3 Bc8 32. Nxf6+ Bxf6 33. Nd5 Bg7 34. Bb6
Rd7 35. Bd4 Bb7 36. Ne3 Rc7 37. Rxc7 Qxc7 38. Rc1 Qd7 39. Nf5 Bf8 40. Qb2 Nc6
41. Bg7 Qxf5 42. exf5 Bxg7 43. f6 Bh8 44. Bd3 Re6 45. Be4 Bxf6 46. Qa3 d5 47.
Bxd5 Rd6 48. Bxc6 Rxc6 49. Rxc6 Bxc6 50. Qxa6 Bd4+ 51. Kf1 Be8 52. Qxh6 f6 53.
h4 gxh4 54. Qxh4 Be5 55. f4 Bd4 56. Qg3+ Kf8 57. Qd3 1-0

[Event "Schachfreunde II - TV Fischbek"]
[Site "Landesliga Hamburg 2019/20"]
[Date "2019.12.08"]
[Round "4.2"]
[White "Gremmel, Jonas Simon"]
[Black "de Voogt, Juergen"]
[Result "1-0"]
[WhiteElo "2042"]
[BlackElo "2236"]
[PlyCount "101"]
[EventDate "2019.??.??"]

1. d4 Nf6 2. Nf3 c5 3. e3 e6 4. Bd3 b6 5. b3 Bb7 6. Bb2 d5 7. O-O Bd6 8. Nbd2
O-O 9. c4 Ne4 10. Qc2 f5 11. Ne5 Nc6 12. a3 Nxd2 13. Qxd2 Bxe5 14. dxe5 dxc4
15. bxc4 Na5 16. Qc2 Qh4 17. f4 Rad8 18. Bc3 Nc6 19. Rad1 Ne7 20. Rd2 Qg4 21.
Rff2 h5 22. Be2 Qg6 23. Qd1 Rxd2 24. Qxd2 Nc8 25. Qd7 Be4 26. Qd1 h4 27. Bf1
Qe8 28. Be1 Ne7 29. Rd2 g5 30. fxg5 Ng6 31. Qh5 f4 32. exf4 Rxf4 33. Rf2 Qf7
34. Qd1 Nxe5 35. Rxf4 Qxf4 36. Qd8+ Kf7 37. Bd2 Qf5 38. Qc7+ Kg6 39. Qb8 Kh7
40. Qxa7+ Kg6 41. Qb8 Kh7 42. Qc7+ Kg6 43. Qd8 Kh7 44. Qe7+ Kg6 45. Qe8+ Qf7
46. Qh8 Ng4 47. Qxh4 Bf5 48. h3 Qd7 49. hxg4 Qxd2 50. gxf5+ Kxf5 51. Qf2+ 1-0

[Event "Schachfreunde II - TV Fischbek"]
[Site "Landesliga Hamburg 2019/20"]
[Date "2019.12.08"]
[Round "4.3"]
[White "Kneip, Jakob"]
[Black "Dietz, Juergen"]
[Result "1/2-1/2"]
[WhiteElo "2085"]
[BlackElo "2172"]
[PlyCount "75"]
[EventDate "2019.??.??"]

1. e4 e6 2. d4 d5 3. Nc3 Bb4 4. e5 c5 5. a3 Bxc3+ 6. bxc3 Qc7 7. Qg4 f6 8. Nf3
c4 9. Be2 Nc6 10. Qg3 Qf7 11. O-O Qg6 12. exf6 Qxg3 13. f7+ Kxf7 14. fxg3 Nf6
15. Ne5+ Ke8 16. Nxc6 bxc6 17. Bf4 Rf8 18. Be5 Ke7 19. Rf3 Rf7 20. Raf1 Ba6 21.
g4 Raf8 22. g5 Ne4 23. Bxg7 Rxf3 24. gxf3 Rg8 25. fxe4 Rxg7 26. h4 h6 27. a4
hxg5 28. h5 Rf7 29. e5 Rxf1+ 30. Kxf1 Kf7 31. h6 Kg6 32. Bh5+ Kxh6 33. Be8 Bc8
34. Kf2 g4 35. Kg3 Kg5 36. a5 Kf5 37. Bxc6 Kg5 38. Be8 1/2-1/2

[Event "Schachfreunde II - TV Fischbek"]
[Site "Landesliga Hamburg 2019/20"]
[Date "2019.12.08"]
[Round "4.4"]
[White "Hermann, Matthias"]
[Black "Brandt, Carina"]
[Result "1-0"]
[WhiteElo "2224"]
[BlackElo "2059"]
[PlyCount "73"]
[EventDate "2019.??.??"]

1. Nc3 d5 2. e4 dxe4 3. d3 Nf6 4. Bg5 exd3 5. Bxd3 e6 6. Qf3 Be7 7. O-O-O Nbd7
8. Nge2 a6 9. h4 Ra7 10. g4 c5 11. Bxf6 gxf6 12. Rhe1 Qc7 13. Nf4 Ne5 14. Qe4
Qc6 15. Qe2 Qf3 16. Qxf3 Nxf3 17. Re3 Ne5 18. Be2 b5 19. Nh5 Rd7 20. Re1 Rd4
21. Ne4 Nd7 22. c3 Rd5 23. Bf3 Kf8 24. Nexf6 Nxf6 25. Nxf6 Bxf6 26. Bxd5 Bxh4
27. R3e2 h5 28. gxh5 Rxh5 29. Bc6 Ke7 30. Kc2 f6 31. Rh1 e5 32. f3 Rh6 33. Reh2
f5 34. Ba8 Be6 35. Rxh4 Rg6 36. Rh7+ Kd6 37. Rd1+ 1-0

[Event "Schachfreunde II - TV Fischbek"]
[Site "Landesliga Hamburg 2019/20"]
[Date "2019.12.08"]
[Round "4.5"]
[White "Schneider, Alexander"]
[Black "Mix, Clemens"]
[Result "1-0"]
[WhiteElo "2080"]
[BlackElo "1931"]
[PlyCount "136"]
[EventDate "2019.??.??"]

1. e4 c5 2. Nf3 e6 3. d4 cxd4 4. Nxd4 Nc6 5. Nc3 Qc7 6. Be3 a6 7. Qd2 Nf6 8.
O-O-O Bb4 9. f3 Ne5 10. Nb3 b5 11. Qd4 Nc6 12. Qb6 Qxb6 13. Bxb6 Ke7 14. a3 Bd6
15. g3 Rb8 16. Be3 Bc7 17. Bg2 d6 18. Rhe1 Bd7 19. f4 Rhc8 20. e5 dxe5 21. Bc5+
Ke8 22. Rxd7 Kxd7 23. Rd1+ Nd5 24. Nxd5 exd5 25. Bxd5 Nd4 26. Nxd4 exd4 27.
Bxd4 f6 28. Ba7 Bd6 29. Be4 g6 30. b4 Ke7 31. f5 g5 32. Bxb8 Rxb8 33. Bc6 Rb6
34. Bd5 Be5 35. Be6 Rb7 36. Bc8 Ra7 37. Rd5 Bd6 38. Kb2 Ra8 39. Be6 Ra7 40. Kb3
Rc7 41. Rd3 a5 42. c3 axb4 43. axb4 Be5 44. c4 bxc4+ 45. Bxc4 Rd7 46. Bd5 Rc7
47. b5 Rc1 48. Bc6 Rb1+ 49. Kc4 Rc1+ 50. Kb4 Bd6+ 51. Ka5 g4 52. Re3+ Be5 53.
Rd3 Bd6 54. Rd2 Rf1 55. Ka6 Rxf5 56. Be4 Rc5 57. Bxh7 Rc4 58. Bf5 Ra4+ 59. Kb7
Rb4 60. Kc6 Rc4+ 61. Kb6 Rb4 62. Ra2 Rc4 63. Ra7+ Ke8 64. Rg7 Bc5+ 65. Kb7 Bg1
66. Rh7 Rc5 67. Bd7+ Kd8 68. Bc6 Bxh2 1-0

[Event "Schachfreunde II - TV Fischbek"]
[Site "Landesliga Hamburg 2019/20"]
[Date "2019.12.08"]
[Round "4.6"]
[White "Zimmermann, Martin"]
[Black "Schermer, Denis"]
[Result "0-1"]
[WhiteElo "2149"]
[BlackElo "1994"]
[PlyCount "124"]
[EventDate "2019.??.??"]

1. d4 d5 2. Nf3 Nf6 3. g3 Bf5 4. Bg2 c6 5. O-O h6 6. Nbd2 e6 7. b3 Nbd7 8. Bb2
Be7 9. c4 O-O 10. Ne5 a5 11. Nxd7 Qxd7 12. a3 b6 13. Re1 Rfc8 14. Nf3 Qd8 15.
Ne5 Ra7 16. e3 Rac7 17. Re2 Bh7 18. h3 Ne4 19. Qe1 f6 20. Nf3 a4 21. Qd1 axb3
22. Qxb3 dxc4 23. Qxc4 Qd5 24. Rc1 b5 25. Qxd5 cxd5 26. Rxc7 Rxc7 27. Bf1 Nd6
28. Nd2 Bd3 29. Re1 Rc2 30. Bc1 Bxf1 31. Kxf1 Nc4 32. Nb1 Kf7 33. Kg2 Ke8 34.
Kf3 Kd7 35. Rf1 Ra2 36. Nc3 Ra1 37. Ke2 Bxa3 38. Bxa3 Rxf1 39. Kxf1 Nxa3 40.
Na2 Kc6 41. Ke2 Kb6 42. Kd3 Ka5 43. Kc3 Ka4 44. Nc1 b4+ 45. Kb2 Nc4+ 46. Ka2
Nd2 47. Kb2 Kb5 48. Kc2 Ne4 49. Nd3 g5 50. Kb3 h5 51. g4 h4 52. Kc2 Kc4 53.
Nb2+ Kb5 54. Nd3 Ka4 55. Kb2 Nc3 56. Nc5+ Kb5 57. Kb3 Ne2 58. Nxe6 Ng1 59. Nc7+
Kc6 60. Ne8 Nxh3 61. f4 gxf4 62. exf4 Nxf4 0-1

[Event "Schachfreunde II - TV Fischbek"]
[Site "Landesliga Hamburg 2019/20"]
[Date "2019.12.08"]
[Round "4.8"]
[White "Oelmeyer, Gerrit"]
[Black "Egelriede, Nikolas"]
[Result "1/2-1/2"]
[WhiteElo "2049"]
[BlackElo "1865"]
[PlyCount "129"]
[EventDate "2019.??.??"]

1. c4 c6 2. Nf3 Nf6 3. b3 d5 4. Bb2 Bg4 5. Ne5 Bf5 6. e3 e6 7. Be2 Nbd7 8. f4
Bb4 9. O-O h6 10. a3 Be7 11. d3 O-O 12. Nd2 Qb6 13. d4 Nxe5 14. fxe5 Ne4 15.
Nf3 Rfd8 16. c5 Qc7 17. b4 b6 18. cxb6 axb6 19. Rc1 Rdc8 20. Bd3 Qa7 21. Bxe4
Bxe4 22. Nd2 Bd3 23. Rf2 c5 24. Rc3 Bg6 25. Qc1 c4 26. Qd1 b5 27. Qf3 Rf8 28.
Qg3 Qc7 29. Rc1 Rac8 30. Nb1 Qd8 31. Qh3 Bh4 32. g3 Bg5 33. Re2 Bd3 34. Ree1
Bf5 35. Qh5 Bg6 36. Qe2 Qb6 37. Nc3 Be7 38. Rcd1 f6 39. exf6 Bxf6 40. Qg4 Bd3
41. Rd2 Bg5 42. h4 Bf5 43. Qe2 Be7 44. Qg2 Bd6 45. Ree2 Rf6 46. g4 Rg6 47. g5
Bd3 48. Rf2 Be7 49. Rf3 Rc7 50. Rg3 hxg5 51. Rf2 Bf5 52. Rxf5 exf5 53. Nxd5 Qd6
54. Nxc7 Qxc7 55. hxg5 c3 56. Qd5+ Kf8 57. Qxf5+ Rf6 58. gxf6 Qxg3+ 59. Kf1
gxf6 60. Bxc3 Qxe3 61. Bb2 Qb3 62. Qc8+ Kf7 63. Qc3 Qd1+ 64. Kf2 Qh5 65. Bc1
1/2-1/2

[Event "Hamburger SK IV - FC St. Pauli II"]
[Site "Landesliga Hamburg 2019/20"]
[Date "2019.12.08"]
[Round "4.9"]
[White "Trisic, Aleksandar"]
[Black "Weihrauch, Jakob"]
[Result "1-0"]
[WhiteElo "2328"]
[BlackElo "2169"]
[PlyCount "59"]
[EventDate "2019.??.??"]

1. d4 Nf6 2. Nf3 e6 3. g3 b6 4. Bg2 Bb7 5. O-O Be7 6. c4 O-O 7. d5 Na6 8. Nc3
Nc5 9. Nd4 a5 10. e4 d6 11. f4 Nfd7 12. Be3 e5 13. Nf3 f5 14. exf5 exf4 15.
gxf4 Rxf5 16. Qc2 Rf8 17. Rae1 Bf6 18. Kh1 Bxc3 19. Ng5 Nf6 20. bxc3 h6 21. Ne6
Nxe6 22. dxe6 Bxg2+ 23. Qxg2 Qe7 24. f5 Kh8 25. Rf3 Rad8 26. Rg1 d5 27. c5 Rg8
28. c6 Rdf8 29. Qh3 b5 30. Rg6 1-0

[Event "Hamburger SK IV - FC St. Pauli II"]
[Site "Landesliga Hamburg 2019/20"]
[Date "2019.12.08"]
[Round "4.10"]
[White "Frackowiak, Oliver"]
[Black "Jahncke, Giso"]
[Result "0-1"]
[WhiteElo "2185"]
[BlackElo "2320"]
[PlyCount "64"]
[EventDate "2019.??.??"]

1. e4 e5 2. Nf3 Nc6 3. Bc4 Bc5 4. c3 Nf6 5. d3 O-O 6. O-O d6 7. h3 h6 8. Re1 a5
9. a4 Ne7 10. Nbd2 Ng6 11. Nf1 c6 12. Ng3 d5 13. exd5 cxd5 14. Bb5 Bd6 15. Be3
Qc7 16. Ne2 Be6 17. d4 e4 18. Nd2 Qc8 19. Ng3 Bxh3 20. gxh3 Qxh3 21. Bf1 Qh4
22. Bg2 Ng4 23. Nf5 Bh2+ 24. Kf1 Qh5 25. Ng3 Bxg3 26. fxg3 Ra6 27. Ke2 Qh2 28.
Rg1 Nxe3 29. Kxe3 Qxg3+ 30. Ke2 Nf4+ 31. Kf1 e3 32. Qf3 e2+ 0-1

[Event "Hamburger SK IV - FC St. Pauli II"]
[Site "Landesliga Hamburg 2019/20"]
[Date "2019.12.08"]
[Round "4.11"]
[White "Perez De Miguel, Alvaro"]
[Black "Juergens, Bernhard"]
[Result "0-1"]
[WhiteElo "2304"]
[BlackElo "2132"]
[PlyCount "60"]
[EventDate "2019.??.??"]

1. d4 f5 2. Nc3 Nf6 3. Bg5 d5 4. Bxf6 exf6 5. e3 Be6 6. Bb5+ c6 7. Bd3 Nd7 8.
Qf3 g6 9. Nge2 Nb6 10. h3 h5 11. Nf4 Bf7 12. O-O-O Qd7 13. Nfe2 h4 14. g4 hxg3
15. fxg3 Bh6 16. Kb1 O-O-O 17. g4 fxg4 18. hxg4 Qe6 19. Nf4 Bxf4 20. exf4 Qd6
21. g5 f5 22. Qg3 Kc7 23. Rh4 Qb4 24. Qe1 Qxd4 25. Bxf5 Rde8 26. Qxe8 Bxe8 27.
Rxd4 Rxh4 28. Be6 Kd6 29. Bg8 Rh8 30. Ne4+ Ke7 0-1

[Event "Hamburger SK IV - FC St. Pauli II"]
[Site "Landesliga Hamburg 2019/20"]
[Date "2019.12.08"]
[Round "4.12"]
[White "Posske, Thore"]
[Black "Priebe, Jan"]
[Result "1/2-1/2"]
[WhiteElo "2010"]
[BlackElo "2205"]
[PlyCount "105"]
[EventDate "2019.??.??"]

1. d4 Nf6 2. Nf3 g6 3. c4 Bg7 4. Nc3 O-O 5. e4 d6 6. Be2 e5 7. dxe5 dxe5 8.
Qxd8 Rxd8 9. Bg5 Re8 10. O-O-O h6 11. Bxf6 Bxf6 12. Nd5 Bd8 13. Ne3 f6 14. h4
Na6 15. Nd2 Nc5 16. h5 g5 17. Kc2 Be7 18. Bg4 Ne6 19. Bxe6+ Bxe6 20. Nd5 Rac8
21. Nf1 Kf7 22. Nxe7 Kxe7 23. Ne3 g4 24. Rh4 Rg8 25. Rf1 Rcd8 26. f3 Rd4 27. b3
gxf3 28. gxf3 f5 29. Rf2 f4 30. Nd5+ Kd6 31. Rhh2 c6 32. Nc3 Ke7 33. Rfg2 Kf6
34. Rxg8 Bxg8 35. Na4 b6 36. c5 b5 37. Nb2 Bf7 38. Nd3 a5 39. Kd2 Rd8 40. Kc3
Rg8 41. Rd2 Bxh5 42. Ne1 Rg3 43. Rd6+ Ke7 44. Nd3 Bxf3 45. Nxe5 Bxe4+ 46. Kd4
f3 47. Kxe4 f2 48. Nxc6+ Kf7 49. Ne5+ Ke7 50. Rd7+ Ke6 51. Rd6+ Ke7 52. Rd7+
Ke6 53. Rd6+ 1/2-1/2

[Event "Hamburger SK IV - FC St. Pauli II"]
[Site "Landesliga Hamburg 2019/20"]
[Date "2019.12.08"]
[Round "4.13"]
[White "Schuetze, Michael"]
[Black "Kirsch, Sergius"]
[Result "1/2-1/2"]
[WhiteElo "2197"]
[BlackElo "2000"]
[PlyCount "33"]
[EventDate "2019.??.??"]

1. Nf3 Nf6 2. g3 g6 3. Bg2 Bg7 4. O-O d6 5. d3 O-O 6. Nbd2 e5 7. e4 Nc6 8. Re1
Ne8 9. a4 f5 10. exf5 gxf5 11. Nc4 Nf6 12. c3 Qe8 13. Nh4 Qf7 14. f4 exf4 15.
gxf4 Kh8 16. Ne3 Ne7 17. Qf3 1/2-1/2

[Event "Hamburger SK IV - FC St. Pauli II"]
[Site "Landesliga Hamburg 2019/20"]
[Date "2019.12.08"]
[Round "4.14"]
[White "Colpe, Helge"]
[Black "Richter, Maik"]
[Result "1/2-1/2"]
[WhiteElo "2042"]
[BlackElo "2148"]
[PlyCount "122"]
[EventDate "2019.??.??"]

1. d4 f5 2. c4 Nf6 3. Nc3 d6 4. Nf3 g6 5. e3 Bg7 6. Bd3 O-O 7. e4 e5 8. dxe5
dxe5 9. O-O Re8 10. c5 Qe7 11. Bc4+ Kh8 12. b4 a5 13. Bg5 c6 14. a3 h6 15. Bxf6
Bxf6 16. Qd2 Kh7 17. Qc2 Na6 18. Rab1 Nc7 19. Na4 fxe4 20. Nd2 Nb5 21. Bxb5
cxb5 22. Nb6 Ra6 23. Nxc8 Rxc8 24. Nxe4 axb4 25. axb4 Bg7 26. Qe2 Qd7 27. Rfd1
Qe7 28. Qxb5 Rc7 29. Rd6 Ra2 30. g3 Qf7 31. Qd3 Bf8 32. Rd5 Qf5 33. Rd1 Bg7 34.
Rd8 Rf7 35. Qe3 Qe6 36. R8d2 Ra4 37. Qc3 Ra8 38. Nd6 Re7 39. Ne4 Rf7 40. Rd6
Qg4 41. Qd3 Raf8 42. Qe3 Rf3 43. Qe2 Qh3 44. R6d3 R3f7 45. Rd8 Qe6 46. Rxf8
Bxf8 47. Qd3 Kg7 48. b5 Qa2 49. Qc3 Qe6 50. f4 Re7 51. Qxe5+ Qxe5 52. fxe5 Rxe5
53. Rd7+ Kh8 54. Rxb7 Rxe4 55. c6 Bd6 56. Rd7 Bc5+ 57. Kg2 Re8 58. c7 Bb6 59.
Rd6 Bxc7 60. Rxg6 Kh7 61. Rc6 Be5 1/2-1/2

[Event "Hamburger SK IV - FC St. Pauli II"]
[Site "Landesliga Hamburg 2019/20"]
[Date "2019.12.08"]
[Round "4.16"]
[White "Salenko, Vadim"]
[Black "Reuber, Artur"]
[Result "1/2-1/2"]
[WhiteElo "1972"]
[BlackElo "2170"]
[PlyCount "104"]
[EventDate "2019.??.??"]

1. d4 f5 2. e3 Nf6 3. Nf3 g6 4. c4 Bg7 5. Nc3 d6 6. b3 c6 7. Bb2 O-O 8. d5 Ne4
9. Nd4 c5 10. Nde2 e6 11. f3 Nxc3 12. Bxc3 e5 13. Ng3 Qh4 14. Kd2 Na6 15. Kc2
Bd7 16. Qd2 Rab8 17. a4 e4 18. Bxg7 Nb4+ 19. Kb2 Kxg7 20. Qc3+ Kg8 21. f4 b6
22. Ne2 Qf2 23. Rd1 Nd3+ 24. Ka3 Qxe3 25. Nc1 Nb4 26. Qxe3 Nc2+ 27. Kb2 Nxe3
28. Re1 Nxf1 29. Rhxf1 a6 30. Ne2 b5 31. axb5 axb5 32. Kc3 Rb6 33. Ra1 Rfb8 34.
Ra7 b4+ 35. Kd2 Be8 36. Rfa1 R6b7 37. Ng3 Rxa7 38. Rxa7 Rd8 39. Nf1 Rd7 40. Ra8
Kf7 41. Ne3 h5 42. h3 h4 43. Ke1 Ke7 44. Kf2 Rd8 45. Ra7+ Bd7 46. g4 hxg3+ 47.
Kxg3 Kf6 48. h4 Be8 49. Ra6 Rd7 50. Ra8 Bf7 51. Ra6 Be8 52. Ra8 Bf7 1/2-1/2

[Event "SK Union Eimsbüttel - FC St. Pauli III"]
[Site "Landesliga Hamburg 2019/20"]
[Date "2019.12.08"]
[Round "4.17"]
[White "Breyther, Ruediger"]
[Black "Voigt, Gerrit"]
[Result "0-1"]
[WhiteElo "2244"]
[BlackElo "2134"]
[PlyCount "114"]
[EventDate "2019.??.??"]

1. e4 c5 2. Nf3 Nc6 3. d4 cxd4 4. Nxd4 Nf6 5. Nc3 e5 6. Ndb5 d6 7. Bg5 a6 8.
Na3 b5 9. Nd5 Be7 10. Bxf6 Bxf6 11. c4 b4 12. Nc2 a5 13. g3 Bg5 14. Bg2 O-O 15.
O-O Be6 16. Qd3 Qb8 17. Rad1 Bd8 18. Nde3 Bc7 19. Bf3 Rd8 20. Bg4 Bxg4 21. Nxg4
Bb6 22. Nge3 Bc5 23. Nf5 Qb7 24. Qf3 f6 25. Rd3 g6 26. Nfe3 Rf8 27. Kg2 Rae8
28. Nd5 f5 29. Qe2 f4 30. f3 h5 31. Kh1 Kh8 32. Qg2 Qf7 33. Qh3 g5 34. g4 Re6
35. Rd2 Rh6 36. gxh5 Rxh5 37. Qg4 Rg8 38. Nf6 Rh4 39. Qd7 Qxd7 40. Nxd7 Nd4 41.
Nxd4 Bxd4 42. Nf6 Rg6 43. Ng4 Rh7 44. Kg2 Rc7 45. b3 a4 46. Rb1 axb3 47. axb3
Ra7 48. h3 Re6 49. Nf2 Re8 50. Nd3 Bc3 51. Rc2 Rea8 52. Nc1 Bd4 53. Kf1 Ra1 54.
Rxa1 Rxa1 55. Ke2 Rb1 56. Nd3 Rxb3 57. Ra2 Rc3 0-1

[Event "SK Union Eimsbüttel - FC St. Pauli III"]
[Site "Landesliga Hamburg 2019/20"]
[Date "2019.12.08"]
[Round "4.18"]
[White "Henrich, Holger"]
[Black "zur Lage, Julian"]
[Result "0-1"]
[WhiteElo "2161"]
[BlackElo "2157"]
[PlyCount "84"]
[EventDate "2019.??.??"]

1. d4 d5 2. c4 c6 3. Nf3 Nf6 4. Qb3 dxc4 5. Qxc4 Bg4 6. Nbd2 Nbd7 7. g3 e6 8.
Bg2 Be7 9. b3 Qa5 10. h3 Nb6 11. Qc2 Bf5 12. Qb2 Bb4 13. a3 Bc3 14. Qa2 Bxa1
15. Qxa1 O-O 16. O-O Ne4 17. Nb1 Nd5 18. Bb2 Qb5 19. Re1 Qxb3 20. Ne5 Ndf6 21.
g4 Bg6 22. h4 h5 23. g5 Ng4 24. Nxg4 hxg4 25. h5 Nxf2 26. Kxf2 g3+ 27. Kg1 Qe3+
28. Kh1 Be4 29. Nd2 Bxg2+ 30. Kxg2 Qxd2 31. h6 Qxg5 32. Bc1 Qg6 33. e4 f5 34.
d5 gxh6 35. Rh1 f4 36. Kf3 cxd5 37. Rh4 dxe4+ 38. Kg2 f3+ 39. Kh3 f2 40. Bf4 g2
41. Rxh6 Qxh6+ 42. Bxh6 g1=Q 0-1